000 00558nam a2200133 a 4500
008 120416s1961 ||||||||||||||||| || u
050 _aTN 700 Osi
100 _aOsipov, K. A
245 1 0 _aAspects of the theory of heat resistance of metals and alloys
_ctranslated by Dr. P. Munch
260 _aJerusalem
_bIsrael Program for Scientific Translation
_c1961
300 _a[vi], 249p. : ill.
350 _a0.00
995 _D0.00
_FCBU-MAIN LIBRARY (Kitwe)
_H1
_I7.35
_UAVAILABLE
_ZAnnex Low-Usage Collection
999 _c34920
_d34920